[Event "HUN-chT2 Charousek 0203"]
[Site "Hungary"]
[Date "2003.02.16"]
[Round "7.9"]
[White "Szakall, Tamas"]
[Black "Kovacs, Zoltan"]
[Result "0-1"]
[WhiteElo "2219"]
[BlackElo "2067"]
[PlyCount "72"]
[EventDate "2002.09.22"]
[EventType "team-tourn"]
[EventRounds "11"]
[EventCountry "HUN"]
[SourceTitle "EXT 2004"]
[Source "ChessBase"]
[SourceDate "2003.11.25"]
[SourceVersion "1"]
[SourceVersionDate "2003.11.25"]
[SourceQuality "1"]
[WhiteTeam "Taban Spartacus"]
[BlackTeam "Vizugy"]
[WhiteTeamCountry "HUN"]
[BlackTeamCountry "HUN"]

1. e4 c5 2. Nc3 Nc6 3. g3 e6 4. Bg2 Nf6 5. Nge2 Be7 6. 0-0 0-0 7. d4 d6 8. h3 e5 9. dxc5 dxc5 10. Nd5 Nxd5 11. exd5 Nd4 12. c3 Nf5 13. Re1 Bd6 14. g4 Nh4 15. Ng3 Nxg2 16. Kxg2 f5 17. gxf5 Bxf5 18. Nxf5 Rxf5 19. Re4 Qf6 20. Be3 Rf8 21. Qg4 Qf7 22. c4 h5 23. Qg3 Rf3 24. Qg5 Rxf2+ 25. Bxf2 Qf3+ 26. Kg1 Qxe4 27. b3 Rxf2 28. Kxf2 Qd4+ 29. Ke2 Qxa1 30. Qd8+ Bf8 31. d6 Qxa2+ 32. Ke1 Qb1+ 33. Kd2 Qb2+ 34. Ke1 Qc3+ 35. Ke2 Qc2+ 36. Ke3 Qxb3+ 0-1

[Event "HUN-chT2 Breyer 0203"]
[Site "Hungary"]
[Date "2002.10.13"]
[Round "2"]
[White "Kovacs, Zoltan"]
[Black "Blaho, Stefan"]
[Result "0-1"]
[WhiteElo "2067"]
[BlackElo "2236"]
[PlyCount "88"]
[EventDate "2002.09.22"]
[EventType "team-tourn"]
[EventRounds "11"]
[EventCountry "HUN"]
[SourceTitle "EXT 2009"]
[Source "ChessBase"]
[SourceDate "2008.11.26"]
[SourceVersion "1"]
[SourceVersionDate "2008.11.26"]
[SourceQuality "1"]

1. e4 c5 2. c3 d5 3. exd5 Qxd5 4. d4 cxd4 5. cxd4 Nc6 6. Nf3 e5 7. Nc3 Bb4 8. Bd2 Bxc3 9. Bxc3 e4 10. Ne5 Nxe5 11. dxe5 Ne7 12. Qxd5 Nxd5 13. Bb5+ Ke7 14. Bd4 Bf5 15. 0-0 Rhc8 16. Rac1 a6 17. Bc4 Nf4 18. a4 Be6 19. Bxe6 Ne2+ 20. Kh1 Rxc1 21. Rxc1 Nxc1 22. Bf5 Nb3 23. Be3 Rd8 24. g3 Nd2 25. b4 h6 26. Bxd2 Rxd2 27. Bxe4 b6 28. Bb7 Rxf2 29. Bxa6 Rb2 30. a5 Rxb4 31. axb6 Rxb6 32. Bc4 Rc6 33. Bb3 Rc5 34. Kg2 Rxe5 35. Kf3 Ra5 36. Bc4 Ra3+ 37. Kg2 Rc3 38. Bd5 f5 39. h3 Kd6 40. Bb7 Ke5 41. Kf2 g5 42. Ba8 Rc2+ 43. Kg1 Kd4 44. Bb7 Ke3 0-1

[Event "HUN-chT2 Toth 0203"]
[Site "Hungary"]
[Date "2002.09.22"]
[Round "1"]
[White "Kovacs, Zoltan"]
[Black "Donko, Matyas"]
[Result "0-1"]
[WhiteElo "2146"]
[BlackElo "2100"]
[PlyCount "42"]
[EventDate "2002.09.22"]
[EventType "team-tourn"]
[EventRounds "11"]
[EventCountry "HUN"]
[SourceTitle "EXT 2009"]
[Source "ChessBase"]
[SourceDate "2008.11.26"]
[SourceVersion "1"]
[SourceVersionDate "2008.11.26"]
[SourceQuality "1"]

1. e4 c5 2. Nc3 e6 3. Nge2 Nc6 4. d4 cxd4 5. Nxd4 Qc7 6. Be2 a6 7. Be3 Nf6 8. f3 b5 9. Bd3 Bb7 10. Qd2 Bb4 11. Nxc6 dxc6 12. Bd4 0-0-0 13. Qf2 Ba5 14. 0-0 Rxd4 15. Kh1 Bb6 16. Qe1 g5 17. Ne2 Rd7 18. Nc1 Qe5 19. a4 h5 20. axb5 cxb5 21. c4 Bc7 0-1